000 00945nam a22002417a 4500
999 _c6381
_d6381
003 AR-CdUCM
008 190315b ||||| |||| 00| 0 spa d
040 _aMUNICIPALIDAD PROVINCIAL DEL CUSCO
_cBIBLIOTECA MUNICIPAL DEL CUSCO
082 _a030 /
_bM285
100 _aManrique, Jorge
_918178
245 _aPoesia selecta :
_bLos mejores libros de la literatura española /
260 _aLima :
_bEditora de Publicaciones Gente,
_c1987.
300 _a126 páginas ;
_c17 cm.
440 _aColección gratuita con la revista Gente (Lima-Perú) por su 3º aniversario
_n16
_918179
505 _aContenido: Poesía amorosa -- A la fortuna -- Porque estaba el durmiendo le besó su amiga -- Diciendo que cosa es amor...
650 _aLiteratura española
_9362
650 _aColección
_92826
650 _aSiglo XX
_98
700 _aBanco de la Nación.
_918155
700 _aGarcilaso de la Vega,
_918180
942 _2ddc
_cLIBROS
945 _adavv